000 00632cam a22002173a 4500
001 37442
003 PGUSA
005 20140828083824.0
008 110915s2011||||xxu|||||s|||||000 | eng d
040 _aPGUSA
_beng
042 _adc
100 1 _aSwift, Jonathan,
_d1667-1745
245 1 0 _aGulliver's Reizen :
_bnaar Lilliput en Brobdingnag
_h[electronic resource] /
_cJonathan Swift
260 _bProject Gutenberg,
_c2011
506 _aPublic domain in the USA.
516 _aElectronic text
700 1 _aVerwey, Albert
830 0 _aProject Gutenberg
_v37442
856 4 0 _uhttp://www.gutenberg.org/ebooks/37442
942 _cEB
999 _c266696
_d266696